Разработка методики контроля дефектов поверхности катания железнодорожных колес в движении по показателям динамики их взаимодействия с рельсами: автореферат диссертации на соискание ученой степени кандидата технических наук; спец. 05.11.13

Bibliografische gegevens
Hoofdauteur: Кочетков А. С. Антон Сергеевич
Coauteur: Сибирский государственный университет путей сообщения (СГУПС)
Andere auteurs: Степанова Л. Н. Людмила Николаевна (научный руководитель)
Samenvatting:Заглавие с титульного экрана
Электронная версия печатной публикации
Taal:Russisch
Gepubliceerd in: Томск, 2011
Onderwerpen:
Online toegang:http://www.lib.tpu.ru/fulltext/a/2011/83.pdf
Formaat: Elektronisch Boek
KOHA link:https://koha.lib.tpu.ru/cgi-bin/koha/opac-detail.pl?biblionumber=204561

MARC

LEADER 00000nlm0a2200000 4500
001 204561
005 20231101225226.0
035 |a (RuTPU)RU\TPU\book\222986 
035 |a RU\TPU\book\222985 
090 |a 204561 
100 |a 20111128d2011 k y0rusy50 ca 
101 0 |a rus 
102 |a RU 
105 |a a dm 000zy 
135 |a drbn ---uucaa 
181 0 |a i  
182 0 |a b 
200 1 |a Разработка методики контроля дефектов поверхности катания железнодорожных колес в движении по показателям динамики их взаимодействия с рельсами  |b Электронный ресурс  |e автореферат диссертации на соискание ученой степени кандидата технических наук  |e спец. 05.11.13  |f А. С. Кочетков  |g Сибирский государственный университет путей сообщения (СГУПС) ; науч. рук. Л. Н. Степанова 
203 |a Текст  |c электронный 
210 |a Томск  |d 2011 
215 |a 1 файл (361 Kb) 
230 |a Электронные текстовые данные (1 файл : 361 Kb) 
300 |a Заглавие с титульного экрана 
300 |a Электронная версия печатной публикации 
337 |a Adobe Reader 
452 1 |0 (RuTPU)RU\TPU\book\225257  |t Разработка методики контроля дефектов поверхности катания железнодорожных колес в движении по показателям динамики их взаимодействия с рельсами  |o автореферат диссертации на соискание ученой степени кандидата технических наук  |o Спец. 05.11.13  |f А. С. Кочетков  |g Сибирский государственный университет путей сообщения (СГУПС) ; науч. рук. Л. Н. Степанова  |c Томск  |d 2011  |p 22 с.  |a Кочетков, Антон Сергеевич 
606 1 |a Вагонные колеса  |x Тензометрия  |2 stltpush  |3 (RuTPU)RU\TPU\subj\71310  |9 85270 
606 1 |a Рельсы  |x Качество  |2 stltpush  |3 (RuTPU)RU\TPU\subj\25005  |9 49263 
606 1 |a Деформация  |x Определение  |x Тензометрический метод  |2 stltpush  |3 (RuTPU)RU\TPU\subj\9390  |9 36649 
610 1 |a электронный ресурс 
610 1 |a авторефераты диссертаций 
610 1 |a железнодорожные комплексы 
610 1 |a дефекты 
610 1 |a испытание 
610 1 |a контроль 
610 1 |a поверхности 
610 1 |a динамические испытания 
610 1 |a тензометрирование 
610 1 |a тензометрическая аппаратура 
610 1 |a тензометрические датчики 
610 1 |a тензометрические исследования 
610 1 |a рельсовый путь 
610 1 |a грузовые вагоны 
610 1 |a разрушение 
610 1 |a колесные пары 
610 1 |a износ 
610 1 |a усталостные трещины 
675 |a 629.44/46(04)  |v 3 
675 |a 625.14(04)  |v 3 
675 |a 620.171(04)  |v 3 
686 |a 05.11.13  |2 oksvnk 
700 1 |a Кочетков  |b А. С.  |g Антон Сергеевич 
702 1 |a Степанова  |b Л. Н.  |g Людмила Николаевна  |4 727 
712 0 2 |a Сибирский государственный университет путей сообщения (СГУПС)  |c (Новосибирск)  |2 stltpush  |3 (RuTPU)RU\TPU\col\140 
801 2 |a RU  |b 63413507  |c 20151116  |g RCR 
856 4 |u http://www.lib.tpu.ru/fulltext/a/2011/83.pdf 
942 |c CF